[Event "SVK-chT4 A22 1819"]
[Site "Slovakia"]
[Date "2019.01.06"]
[Round "6.6"]
[White "Stefik, Miroslav"]
[Black "Jancik, Ondrej"]
[Result "1-0"]
[WhiteElo "1608"]
[BlackElo "1582"]
[PlyCount "37"]
[EventDate "2018.10.14"]
[EventType "team-tourn"]
[EventRounds "11"]
[EventCountry "SVK"]
[SourceTitle "EXT 2020"]
[Source "ChessBase"]
[SourceDate "2019.10.17"]
[SourceVersion "1"]
[SourceVersionDate "2019.10.17"]
[SourceQuality "1"]

1. e4 c5 2. Nf3 d6 3. Nc3 g6 4. Bc4 Nc6 5. a3 Bg7 6. h3 Nf6 7. d4 cxd4 8. Nxd4 Bd7 9. Nf3 0-0 10. 0-0 a6 11. Re1 Qc7 12. Nd5 Nxd5 13. exd5 Ne5 14. Bb3 Rac8 15. Nxe5 Bxe5 16. c3 Bb5 17. Re4 f5 18. Rxe5 dxe5 19. d6+ 1-0

[Event "SVK-chT4 A22 1617"]
[Site "Slovakia"]
[Date "2016.10.09"]
[Round "1.2"]
[White "Stefik, Miroslav"]
[Black "Sandor, Stefan"]
[Result "0-1"]
[WhiteElo "1634"]
[BlackElo "1626"]
[PlyCount "68"]
[EventDate "2016.10.09"]
[EventType "team-tourn"]
[EventRounds "11"]
[EventCountry "SVK"]
[SourceTitle "EXT 2020"]
[Source "ChessBase"]
[SourceDate "2019.10.17"]
[SourceVersion "1"]
[SourceVersionDate "2019.10.17"]
[SourceQuality "1"]

1. e4 e5 2. Nf3 Nf6 3. Nc3 Bb4 4. d3 Nc6 5. Bd2 0-0 6. Be2 d5 7. 0-0 dxe4 8. Nxe4 Nxe4 9. dxe4 Bxd2 10. Nxd2 a6 11. a3 Nd4 12. Bd3 Qg5 13. Nf3 Nxf3+ 14. Qxf3 Qg4 15. Qe3 b6 16. f4 exf4 17. Rxf4 Qg6 18. Raf1 b5 19. R1f3 Qe6 20. Rh4 Bb7 21. Rg3 Rae8 22. e5 f5 23. h3 Qxe5 24. Qh6 Qe1+ 25. Kh2 Qxg3+ 26. Kxg3 gxh6 27. Rxh6 Kg7 28. Rh4 c5 29. Rf4 Be4 30. Be2 Bxc2 31. Kf2 Re4 32. Kf3 c4 33. g3 Rfe8 34. Rxf5 Re3+ 0-1

[Event "SVK-chT4 A22 1415"]
[Site "Slovakia"]
[Date "2015.02.15"]
[Round "9.5"]
[White "Pinkas, Jan"]
[Black "Stefik, Miroslav"]
[Result "0-1"]
[WhiteElo "1532"]
[BlackElo "1674"]
[PlyCount "71"]
[EventDate "2014.10.12"]
[EventType "team-tourn"]
[EventRounds "11"]
[EventCountry "SVK"]
[SourceTitle "EXT 2019"]
[Source "ChessBase"]
[SourceDate "2018.10.10"]
[SourceVersion "1"]
[SourceVersionDate "2018.10.10"]
[SourceQuality "1"]

1. e4 e5 2. Bc4 Nf6 3. Nc3 Nc6 4. a3 Bc5 5. h3 d6 6. d3 h6 7. Nd5 Be6 8. Nxf6+ Qxf6 9. Qf3 Qe7 10. Bb5 Bd7 11. Bxc6 Bxc6 12. Be3 0-0 13. Bxc5 dxc5 14. g4 Rad8 15. Ne2 Rd6 16. Ng3 Rf6 17. Qe3 Bd7 18. Ke2 b6 19. Raf1 Qe6 20. c4 b5 21. Qxc5 bxc4 22. dxc4 Rb8 23. b4 Bc6 24. Rd1 a6 25. f3 Kh7 26. h4 Rb5 27. cxb5 Bxb5+ 28. Ke1 Rxf3 29. Nf5 Qa2 30. Rd2 Qb1+ 31. Rd1 Qxe4+ 32. Kd2 Rxa3 33. Ne3 Qd3+ 34. Kc1 Ra1+ 35. Kb2 Qa3+ 36. Kc2 0-1

[Event "SVK-chT4 A22 1415"]
[Site "Slovakia"]
[Date "2014.11.23"]
[Round "4.2"]
[White "Stefik, Miroslav"]
[Black "Ollos, Peter"]
[Result "1/2-1/2"]
[WhiteElo "1674"]
[BlackElo "1564"]
[PlyCount "64"]
[EventDate "2014.10.12"]
[EventType "team-tourn"]
[EventRounds "11"]
[EventCountry "SVK"]
[SourceTitle "EXT 2019"]
[Source "ChessBase"]
[SourceDate "2018.10.10"]
[SourceVersion "1"]
[SourceVersionDate "2018.10.10"]
[SourceQuality "1"]

1. e4 e6 2. d4 d5 3. Nc3 dxe4 4. Nxe4 Nf6 5. Bg5 Be7 6. Nf3 0-0 7. Nc3 Nd5 8. Bd2 Nc6 9. Be2 Bf6 10. Ne4 Nxd4 11. Nxf6+ Qxf6 12. c3 Nxe2 13. Qxe2 Nf4 14. Qf1 b6 15. Bxf4 Qxf4 16. Qe2 Bb7 17. 0-0 Bxf3 18. Qxf3 Qxf3 19. gxf3 Rad8 20. Rad1 Rd6 21. Rxd6 cxd6 22. Rd1 Rd8 23. f4 g6 24. Kg2 Kg7 25. Kg3 Kf6 26. a4 d5 27. Kf3 Re8 28. Rd3 g5 29. h3 gxf4 30. Rd4 e5 31. Rxd5 Re6 32. h4 h5 1/2-1/2

[Event "SVK-chT4 A22 1314"]
[Site "Slovakia"]
[Date "2014.01.26"]
[Round "7.5"]
[White "Suchan, Jozef"]
[Black "Stefik, Miroslav"]
[Result "1/2-1/2"]
[WhiteElo "1716"]
[BlackElo "1754"]
[PlyCount "79"]
[EventDate "2013.10.06"]
[EventType "team-tourn"]
[EventRounds "11"]
[EventCountry "SVK"]
[SourceTitle "EXT 2015"]
[Source "ChessBase"]
[SourceDate "2014.11.20"]
[SourceVersion "1"]
[SourceVersionDate "2014.11.20"]
[SourceQuality "1"]
[WhiteTeam "Trnava Lokomotiva IV"]
[BlackTeam "Cifer II"]
[WhiteTeamCountry "SVK"]
[BlackTeamCountry "SVK"]

1. d4 d5 2. c4 Nf6 3. Nc3 e6 4. a3 Be7 5. Nf3 Bd7 6. e3 h6 7. Bd3 c5 8. 0-0 0-0 9. b3 Bc6 10. Bb2 b6 11. Re1 Nbd7 12. Rc1 Qc7 13. cxd5 exd5 14. e4 dxe4 15. Nxe4 Nxe4 16. Bxe4 Bxe4 17. Rxe4 Bf6 18. Qc2 Rac8 19. dxc5 Bxb2 20. Qxb2 Qc6 21. Rg4 f6 22. Nd4 Qd5 23. c6 Ne5 24. Rg3 Nxc6 25. Nxc6 Rxc6 26. Rgc3 Rfc8 27. h3 Rxc3 28. Rxc3 Qd1+ 29. Kh2 Qd6+ 30. Kg1 Rxc3 31. Qxc3 Qxa3 32. Qc8+ Qf8 33. Qb7 Qf7 34. Qc8+ Kh7 35. Qc2+ g6 36. b4 Qe7 37. Qc3 Qe5 38. Qd2 Qc7 39. b5 Kg7 40. Qd5 1/2-1/2

[Event "SVK-chT4 A22 1314"]
[Site "Slovakia"]
[Date "2013.12.08"]
[Round "5.6"]
[White "Mackovic, Miroslav"]
[Black "Stefik, Miroslav"]
[Result "1-0"]
[WhiteElo "1936"]
[BlackElo "1754"]
[PlyCount "99"]
[EventDate "2013.10.06"]
[EventType "team-tourn"]
[EventRounds "11"]
[EventCountry "SVK"]
[SourceTitle "EXT 2015"]
[Source "ChessBase"]
[SourceDate "2014.11.20"]
[SourceVersion "1"]
[SourceVersionDate "2014.11.20"]
[SourceQuality "1"]
[WhiteTeam "Trnava Modranka II"]
[BlackTeam "Cifer II"]
[WhiteTeamCountry "SVK"]
[BlackTeamCountry "SVK"]

1. e4 e5 2. Nf3 Nf6 3. Nxe5 d6 4. Nf3 Nxe4 5. d4 d5 6. Bd3 Nc6 7. c3 Bg4 8. 0-0 Bd6 9. Re1 0-0 10. Bxe4 dxe4 11. Rxe4 Qd7 12. Re1 Rae8 13. Be3 Ne7 14. Nbd2 Nf5 15. Qb3 b6 16. Qc2 f6 17. Kh1 Kh8 18. Ng1 Nh4 19. f3 Bf5 20. Qd1 Re7 21. Bf2 Ng6 22. Rxe7 Nxe7 23. Ne4 Re8 24. Nxd6 Qxd6 25. Qa4 Ra8 26. Re1 c6 27. Bg3 Qd7 28. Qc4 Nd5 29. Qe2 Bg6 30. Qd2 b5 31. Ne2 Re8 32. h3 Bf5 33. Kh2 h6 34. Nf4 Nb6 35. b3 g5 36. Rxe8+ Qxe8 37. Nd3 Nd5 38. Nc5 Bc8 39. Ne4 Bd7 40. c4 f5 41. Be5+ Kh7 42. Nd6 Qe6 43. cxd5 Qxd5 44. Qd3 Kg6 45. g4 c5 46. Nxf5 Kf7 47. Nxh6+ Ke7 48. Qh7+ Ke8 49. Qh8+ Ke7 50. Ng8+ 1-0